All 10k+ cities in Utah on a Map - Statistics

General Stats
  • This quiz has been taken 137 times
  • The average score is 32 of 64
Answers on the Map
Answers color-coded by a green-red scale on the quiz's map according to % correct below.
 
Answer Stats
City Population % Correct
Salt Lake City 199,723
100%
Provo 115,162
96%
West Jordan 116,961
94%
West Valley City 140,230
94%
Ogden 87,321
92%
St. George 95,342
92%
Logan 52,778
87%
Orem 98,129
83%
South Jordan 77,487
83%
Lehi 75,907
77%
Sandy 96,904
73%
American Fork 33,337
65%
Spanish Fork 42,602
65%
Cedar City 35,235
63%
Draper 51,017
62%
Herriman 55,144
62%
South Salt Lake 26,777
62%
Brigham City 19,650
60%
Layton 81,773
60%
Murray 50,637
58%
North Salt Lake 21,907
58%
Bountiful 45,762
54%
Taylorsville 60,448
54%
Tooele 35,742
54%
Saratoga Springs 37,696
52%
Millcreek 63,380
48%
Vernal 10,079
48%
Eagle Mountain 43,623
46%
Hurricane 20,036
46%
North Ogden 20,916
46%
Kaysville 32,945
44%
Riverton 45,285
44%
Roy 39,306
44%
Midvale 36,028
42%
South Ogden 17,488
42%
Washington 27,993
42%
Holladay 31,965
40%
Kearns 36,723
40%
Springville 35,268
40%
Syracuse 32,141
40%
Cottonwood Heights 33,617
38%
Farmington 24,531
38%
Pleasant Grove 37,726
38%
North Logan 10,986
37%
Alpine 10,251
35%
Clearfield 31,909
35%
Magna 29,251
35%
Payson 21,101
35%
Bluffdale 17,014
33%
Highland 19,348
33%
Mapleton 11,365
33%
Centerville 16,884
31%
Heber City 16,856
31%
Lindon 11,397
31%
Santaquin 13,725
31%
Grantsville 12,617
29%
Cedar Hills 10,019
27%
Clinton 23,386
27%
Vineyard 12,543
27%
Woods Cross 11,410
21%
Smithfield 13,571
19%
West Point 10,963
19%
West Haven 16,739
17%
Pleasant View 11,083
13%
No matching quizzes found
Score Distribution
Percent of People with Each Score
Percentile by Number Answered
Your Score History
You have not taken this quiz